Images aléatoires de Villes de France - Statistiques

Statistiques générales
  • Ce quiz a été pris 1 265 fois
  • Le résultat moyen est 4 sur 16
Statistiques - réponses
Par images Réponse % Correct
Lille
100%
Nice
100%
Carcassonne
94%
Marseille
94%
Paris
94%
Le Mont-Saint-Michel
93%
Nîmes
88%
Grenoble
87%
Versailles
87%
La Rochelle
82%
Reims
80%
Bordeaux
79%
Cannes
75%
Lyon
73%
Angers
71%
Arles
71%
Orange
70%
Strasbourg
70%
Avignon
67%
Saint-Malo
67%
Toulouse
63%
Chartres
60%
Toul
60%
Kourou
54%
Rouen
54%
Colmar
50%
Saint-Nazaire
50%
Tours
50%
Millau
44%
Calais
43%
Bourg-en-Bresse
41%
Rennes
41%
Beaune
40%
Nantes
40%
Menton
39%
Bastia
38%
Brest
38%
Nanterre
38%
Saint-Tropez
38%
Perpignan
37%
Belfort
36%
Orléans
36%
Vichy
36%
Amiens
35%
Arras
33%
Besançon
33%
Caen
33%
Lourdes
33%
Carnac
32%
Montpellier
32%
Annecy
31%
Auxerre
31%
Biarritz
31%
Clermont-Ferrand
30%
Béziers
29%
Dunkerque
27%
Le Havre
27%
Nancy
26%
Blois
25%
Pointe-à-Pitre
25%
Villeurbanne
25%
Albi
24%
Le Mans
24%
Vienne
23%
Chinon
22%
Périgueux
22%
Valence
22%
Beauvais
21%
Pau
21%
Rodez
21%
Saumur
21%
Fougères
20%
La Roche-sur-Yon
20%
Nouméa
20%
Sedan
20%
Le Puy-en-Velay
19%
Saint-Denis
19%
Saint-Pierre
19%
Morlaix
18%
Narbonne
18%
Toulon
18%
Angoulême
17%
Laval
17%
Metz
17%
Mulhouse
17%
Pontarlier
17%
Troyes
16%
Chambéry
15%
Saint-Denis
15%
Vannes
15%
Nevers
14%
Provins
14%
Albertville
13%
Boulogne-sur-Mer
13%
Cayenne
13%
Foix
13%
Meaux
13%
Saint-Germain-en-Laye
13%
Sète
13%
Corte
12%
Évry
12%
Aix-les-Bains
11%
Alençon
11%
Alès
11%
Antibes
11%
Compiègne
11%
Dieppe
11%
Melun
11%
Saintes
10%
Saint-Quentin
10%
Soissons
10%
Valenciennes
10%
Vierzon
10%
Bayonne
9%
Privas
9%
Ajaccio
8%
Amboise
8%
Briançon
8%
Douai
8%
Niort
8%
Carpentras
7%
Concarneau
7%
Gap
7%
Les Sables-d'Olonne
7%
Papeete
7%
Vesoul
7%
Aurillac
6%
Charleville-Mézières
6%
Dignes-les-Bains
6%
Dijon
6%
Fréjus
6%
Grasse
6%
Lorient
6%
Montargis
6%
Saint-Étienne
6%
Saint-Lô
6%
Vincennes
6%
Cahors
5%
Cambrai
5%
Cergy
5%
Châteauroux
5%
Chaumont
5%
Cholet
5%
Épinal
5%
Haguenau
5%
Mantes-la-Jolie
5%
Rochefort
5%
Saint-Brieuc
4%
Agen
0%
Aix-en-Provence
0%
Auch
0%
Bar-le-Duc
0%
Basse-Terre
0%
Bergerac
0%
Bobigny
0%
Bourges
0%
Castres
0%
Châlons-en-Champagne
0%
Chalon-sur-Saône
0%
Châtellerault
0%
Cherbourg-en-Cotentin
0%
Cognac
0%
Créteil
0%
Dax
0%
Dinan
0%
Dole
0%
Draguignan
0%
Dreux
0%
Évreux
0%
Fort-de-France
0%
Guéret
0%
Hyères
0%
Langres
0%
Laon
0%
Lisieux
0%
Lons-le-Saunier
0%
Mâcon
0%
Mamoudzou
0%
Mende
0%
Montauban
0%
Montbéliard
0%
Mont-de-Marsan
0%
Montélimar
0%
Montluçon
0%
Moulins
0%
Poitiers
0%
Quimper
0%
Roubaix
0%
Saint-Pierre
0%
Sens
0%
Tarbes
0%
Thionville
0%
Tulle
0%
Uzès
0%
Vendôme
0%
Verdun
0%
Aucun quiz correspondant
Distribution des résultats
% des personnes avec chaque résultat
Percentile par nombre de réponses
Votre historique - résultats
Vous n’avez pas pris ce quiz